[Event "BL 0405 SC Kreuzberg - Solinger SG"]
[Site "?"]
[Date "2005.03.12"]
[Round "12.3"]
[White "Gabriel, Christian"]
[Black "Aronian, Levon"]
[Result "1/2-1/2"]
[WhiteElo "2556"]
[BlackElo "2675"]
[PlyCount "39"]
[EventDate "2005.??.??"]

1. Nf3 Nf6 2. c4 e6 3. g3 d5 4. Bg2 Be7 5. O-O O-O 6. d4 dxc4 7. Qc2 a6 8. a4
Bd7 9. Qxc4 Bc6 10. Bg5 h6 11. Bxf6 Bxf6 12. Rd1 a5 13. Nc3 Bxf3 14. Bxf3 c6
15. b4 axb4 16. Qxb4 Ra7 17. Qc5 Ra5 18. Qc4 Nd7 19. Rab1 Ra7 20. e3 1/2-1/2

[Event "BL 0405 SC Kreuzberg - Solinger SG"]
[Site "?"]
[Date "2005.03.12"]
[Round "12.4"]
[White "Maiwald, Jens-Uwe"]
[Black "Naumann, Alexander"]
[Result "1/2-1/2"]
[WhiteElo "2514"]
[BlackElo "2538"]
[PlyCount "37"]
[EventDate "2005.??.??"]

1. e4 e5 2. Nf3 Nc6 3. Nc3 Nf6 4. g3 d5 5. exd5 Nxd5 6. Bg2 Nxc3 7. bxc3 Bd6 8.
O-O O-O 9. d4 h6 10. Rb1 Rb8 11. Nd2 Bd7 12. Nc4 exd4 13. cxd4 Qf6 14. c3 b5
15. Nxd6 cxd6 16. Be3 Na5 17. d5 a6 18. Bd4 Qg6 19. Qf3 1/2-1/2

[Event "BL 0405 SC Kreuzberg - Solinger SG"]
[Site "?"]
[Date "2005.03.12"]
[Round "12.5"]
[White "Smeets, Jan"]
[Black "Kalinitschew, Sergey"]
[Result "1-0"]
[WhiteElo "2515"]
[BlackElo "2533"]
[PlyCount "109"]
[EventDate "2005.??.??"]

1. e4 c5 2. Nf3 Nc6 3. Bb5 d6 4. O-O Bd7 5. Re1 Nf6 6. c3 a6 7. Bf1 Bg4 8. h3
Bxf3 9. Qxf3 g6 10. Na3 Bh6 11. Nc2 O-O 12. Rd1 Ne5 13. Qg3 e6 14. Qh4 Nh5 {(=)
} 15. Qxd8 Rfxd8 16. g3 Nc6 17. Bg2 Rac8 18. d4 Bxc1 19. Raxc1 Nf6 20. e5 dxe5
21. Bxc6 Rxc6 22. dxe5 Rxd1+ 23. Rxd1 Nd5 24. c4 Nb4 25. Ne3 Rb6 26. Ng4 Nc6
27. b3 Kg7 28. f4 a5 29. Nf6 a4 30. Nd7 Rb4 31. Nxc5 axb3 32. axb3 b6 33. Ne4
Rxb3 34. Rd7 Re3 35. Nd6 Rxg3+ 36. Kf2 Rc3 37. Nxf7 Kg8 38. Ng5 Rc2+ 39. Kg3
Rc3+ 40. Kf2 Rc2+ 41. Ke3 Rc3+ 42. Kd2 Rxc4 43. Nxe6 Nb4 44. h4 Rc2+ 45. Ke3
Rh2 46. Rg7+ Kh8 47. Rb7 Kg8 48. Ke4 Na2 49. Kf3 Nc3 50. Rg7+ Kh8 51. Rc7 Kg8
52. Rc8+ Kf7 53. Ng5+ Ke7 54. Rxc3 h6 55. Rc7+ 1-0

[Event "BL 0405 SC Kreuzberg - Solinger SG"]
[Site "?"]
[Date "2005.03.12"]
[Round "12.6"]
[White "Volke, Karsten"]
[Black "Hoffmann, Michael"]
[Result "1/2-1/2"]
[WhiteElo "2483"]
[BlackElo "2468"]
[PlyCount "31"]
[EventDate "2005.??.??"]

1. Nf3 Nf6 2. c4 e6 3. Nc3 d5 4. d4 dxc4 5. e3 a6 6. a4 c5 7. Bxc4 Nc6 8. O-O
Be7 9. Qe2 cxd4 10. Rd1 e5 11. exd4 exd4 12. Nxd4 Nxd4 13. Qe5 Qd6 14. Qxd6
Bxd6 15. Rxd4 Be5 16. Rd1 1/2-1/2

[Event "BL 0405 SC Kreuzberg - Solinger SG"]
[Site "?"]
[Date "2005.03.12"]
[Round "12.7"]
[White "Werle, Jan"]
[Black "Tischbierek, Raj"]
[Result "1-0"]
[WhiteElo "2457"]
[BlackElo "2477"]
[PlyCount "49"]
[EventDate "2005.??.??"]

1. Nf3 d5 2. d4 Nf6 3. c4 c6 4. Nc3 dxc4 5. a4 Bf5 6. e3 e6 7. Bxc4 Bb4 8. O-O
Nbd7 9. Qe2 Bg4 10. h3 Bxf3 11. Qxf3 O-O 12. Rd1 Qa5 13. e4 e5 14. d5 Nb6 15.
Bb3 Bxc3 16. bxc3 cxd5 17. exd5 Rac8 18. c4 Nxc4 19. Bg5 Qa6 20. d6 Nxd6 21.
Bxf6 gxf6 22. Qxf6 Nc4 23. Qh4 Na5 24. Bxf7+ Kh8 25. Rd7 1-0

[Event "BL 0405 SC Kreuzberg - Solinger SG"]
[Site "?"]
[Date "2005.03.12"]
[Round "12.8"]
[White "Lau, Ralf"]
[Black "Ernst, Sipke"]
[Result "0-1"]
[WhiteElo "2481"]
[BlackElo "2521"]
[PlyCount "158"]
[EventDate "2005.??.??"]

1. d4 f5 2. c3 Nf6 3. Bg5 e6 4. Nd2 h6 5. Bxf6 Qxf6 6. e4 d6 7. Bd3 Nc6 8. exf5
exf5 9. Ne2 Bd7 10. O-O g5 11. Qc2 O-O-O 12. f4 Ne7 13. Nc4 Nd5 14. fxg5 hxg5
15. Bxf5 Qh6 16. h3 g4 17. Qe4 Nf6 18. Bxd7+ Rxd7 19. Qe6 Bg7 20. Nf4 Qh7 21.
Na5 Re8 22. Qc4 Bh6 23. Nd5 Nxd5 24. Qxd5 c6 25. Qf5 gxh3 26. Qxh3 Be3+ 27. Kh2
Qg7 28. Rf5 Bg5 29. Kg1 Kc7 30. Nc4 b5 31. Qg4 Rg8 32. Rxg5 Qxg5 33. Qxg5 Rxg5
34. Ne3 Re7 35. Re1 Kd7 36. Kf2 Rf7+ 37. Kg1 Rg3 38. Re2 Rg6 39. Nd1 Re6 40.
Ne3 Re4 41. a3 a6 42. Re1 a5 43. Re2 Rh7 44. Re1 Reh4 45. Re2 Rh1+ 46. Kf2 Rf7+
47. Kg3 Re7 48. Kf3 a4 49. Kf2 Ke8 50. Kf3 Kf7 51. Kf2 Kg6 52. Kf3 Kg5 53. Kf2
d5 54. Kf3 Rf7+ 55. Kg3 Re7 56. Kf3 Re4 57. g3 Re6 58. Kg2 Rb1 59. Kf3 Re8 60.
Rd2 Rh8 61. Nd1 Rh1 62. Nf2 Rhe1 63. Nh3+ Kf5 64. Nf2 Ra1 65. Kg2 Rg1+ 66. Kf3
Raf1 67. Re2 Re1 68. Rd2 Re8 69. Nh3 Rf1+ 70. Kg2 Ree1 71. Nf2 Rg1+ 72. Kf3 Re7
73. Nh3 Rge1 74. Rf2 R1e3+ 75. Kg2+ Ke4 76. Rd2 Rg7 77. Nf2+ Kf5 78. Nh1 Rge7
79. Rf2+ Kg5 0-1

[Event "BL 0405 Hamburger SK- SV Wattenscheid"]
[Site "?"]
[Date "2005.02.13"]
[Round "11.2"]
[White "Ftacnik, Lubomir"]
[Black "Rustemov, Alexander"]
[Result "1/2-1/2"]
[WhiteElo "2533"]
[BlackElo "2602"]
[PlyCount "29"]
[EventDate "2005.??.??"]

1. c4 c5 2. Nf3 Nc6 3. d4 cxd4 4. Nxd4 Nf6 5. Nc3 e6 6. a3 Be7 7. e4 O-O 8. Nf3
b6 9. Be2 Bb7 10. O-O Qc7 11. Bg5 Rac8 12. Rc1 Qb8 13. Re1 h6 14. Bh4 d6 15. b4
1/2-1/2

[Event "BL 0405 Hamburger SK- SV Wattenscheid"]
[Site "?"]
[Date "2005.02.13"]
[Round "11.3"]
[White "Handke, Florian"]
[Black "Hansen, Sune Berg"]
[Result "0-1"]
[WhiteElo "2467"]
[BlackElo "2551"]
[PlyCount "148"]
[EventDate "2005.??.??"]

1. d4 Nf6 2. c4 e6 3. Nf3 b6 4. a3 Ba6 5. Qc2 Bb7 6. Nc3 c5 7. e4 cxd4 8. Nxd4
Bc5 9. Nb3 Nc6 10. Be2 Qb8 11. O-O Nd4 12. Nxd4 Bxd4 13. Bf3 O-O 14. Bd2 a6 15.
Qd3 Be5 16. g3 d6 17. Bg2 Nd7 18. a4 Nc5 19. Qc2 Qc7 20. Rac1 Rac8 21. b3 h6
22. Kh1 Qb8 23. Rce1 Qa8 24. f4 Bf6 25. Re2 Rc7 26. Qb1 Re8 27. Rfe1 Rec8 28.
Nd1 b5 29. axb5 axb5 30. cxb5 d5 31. b6 Rd7 32. e5 Bd8 33. f5 d4 34. fxe6 Nxe6
35. Qf5 d3 36. Bxb7 Qxb7+ 37. Rg2 Rc2 38. Qe4 Bxb6 39. Qxb7 Rxb7 40. b4 Bd4 41.
Ne3 Ra2 42. Nd5 Rb2 43. Nf4 Nxf4 44. gxf4 Rxd2 45. Rxd2 Bc3 46. Red1 Bxd2 47.
Rxd2 Rxb4 48. Rxd3 Rxf4 49. Rd8+ Kh7 50. Rd7 Kg6 51. Kg2 Kh5 52. e6 fxe6 53.
Rxg7 Rf6 54. Kg3 Rg6+ 55. Kh3 Kg5 56. Rb7 Kf5 57. Kh4 e5 58. Kh5 Rf6 59. Re7
Ke4 60. h4 Kd4 61. Ra7 e4 62. Ra4+ Kd3 63. Ra3+ Ke2 64. Ra2+ Ke1 65. Ra1+ Kf2
66. Ra2+ Kg3 67. Ra6 Rf4 68. Ra3+ Kf2 69. Rh3 Rf6 70. Rh2+ Ke1 71. Rh1+ Kd2 72.
Ra1 e3 73. Kg4 e2 74. Ra2+ Ke3 0-1

[Event "BL 0405 Hamburger SK- SV Wattenscheid"]
[Site "?"]
[Date "2005.02.13"]
[Round "11.5"]
[White "Holzke, Frank Dr"]
[Black "Reeh, Oliver"]
[Result "1/2-1/2"]
[WhiteElo "2492"]
[BlackElo "2464"]
[PlyCount "98"]
[EventDate "2005.??.??"]

1. e4 c5 2. Nf3 d6 3. d4 cxd4 4. Nxd4 Nf6 5. Nc3 Nc6 6. Bg5 e6 7. Qd2 a6 8.
O-O-O Bd7 9. f4 b5 10. Bxf6 gxf6 11. Kb1 Qb6 12. Nxc6 Bxc6 13. Qe1 O-O-O 14.
Bd3 h5 15. f5 Qc5 16. fxe6 fxe6 17. Ne2 Bh6 18. Rf1 Rdf8 19. Nf4 Bxf4 20. Rxf4
Qe5 21. Qf2 Rhg8 22. g3 Kb7 23. h4 Qc5 24. Qf3 Rg6 25. Rf1 Rfg8 26. Rxf6 Rxg3
27. Rf7+ Kb6 28. Qf6 Rg1 29. Qxe6 Qe5 30. Qxe5 dxe5 31. b3 Rxf1+ 32. Rxf1 Rg4
33. Rf5 Bxe4 34. Bxe4 Rxe4 35. Rxh5 b4 36. Kc1 Re2 37. Rg5 e4 38. Rg3 Kc5 39.
Rh3 e3 40. Kd1 Rd2+ 41. Kc1 Rd4 42. Rxe3 Rxh4 43. Re5+ Kb6 44. a3 bxa3 45. Kb1
a5 46. Ka2 a4 47. Kxa3 axb3 48. Kxb3 Kc6 49. Rg5 Rf4 1/2-1/2

[Event "BL 0405 Hamburger SK- SV Wattenscheid"]
[Site "?"]
[Date "2005.02.13"]
[Round "11.6"]
[White "Heinemann, Thies"]
[Black "Dinstuhl, Volkmar Dr"]
[Result "1/2-1/2"]
[WhiteElo "2453"]
[BlackElo "2420"]
[PlyCount "123"]
[EventDate "2005.??.??"]

1. e4 c5 2. Nf3 d6 3. d4 cxd4 4. Nxd4 Nf6 5. Nc3 a6 6. f4 e5 7. Nf3 Nbd7 8. a4
Be7 9. Bd3 O-O 10. O-O Nc5 11. Kh1 d5 12. fxe5 Nfxe4 13. Be3 Nxc3 14. bxc3 Bg4
15. Bxc5 Bxc5 16. Qe1 Bh5 17. Qg3 Be7 18. Nd4 Bg6 19. Bxg6 fxg6 20. Rxf8+ Qxf8
21. Qd3 Qf4 22. Re1 Rc8 23. g3 Qg4 24. Rf1 Qd7 25. a5 Qc7 26. Rb1 Qxe5 27. Rxb7
Bf6 28. Ne2 d4 29. Rb6 dxc3 30. Rxa6 g5 31. g4 Re8 32. Qc4+ Kh8 33. Ng1 Qe3 34.
Rd6 h6 35. Rd3 Qa7 36. a6 Ra8 37. Rd6 Qf2 38. Qe4 Rf8 39. Rd1 Qb6 40. Qe2 Ra8
41. Ra1 Qc6+ 42. Nf3 Bd8 43. Qd3 Bb6 44. Ra3 Rc8 45. a7 Qb7 46. Rxc3 Rxc3 47.
Qxc3 Bxa7 48. Qd3 Qc8 49. Qe4 Qc5 50. Qe8+ Kh7 51. Qe2 Qb4 52. c4 Qb3 53. Kg2
Kh8 54. Qe8+ Kh7 55. Qe4+ Kh8 56. Qa8+ Bb8 57. Kh3 Qb4 58. Qe4 Bd6 59. Qe8+ Kh7
60. Qb5 Qa3 61. Qb1+ Kh8 62. Qe4 1/2-1/2

[Event "BL 0405 Hamburger SK- SV Wattenscheid"]
[Site "?"]
[Date "2005.02.13"]
[Round "11.7"]
[White "Lemmers, Oskar Dr"]
[Black "Langrock, Hannes"]
[Result "1/2-1/2"]
[WhiteElo "2401"]
[BlackElo "2407"]
[PlyCount "60"]
[EventDate "2005.??.??"]

1. e4 e6 2. d4 d5 3. Nd2 dxe4 4. Nxe4 Nd7 5. Bd3 Ngf6 6. Qe2 c5 7. Nxc5 Nxc5 8.
dxc5 Bxc5 9. Nf3 O-O 10. Bg5 h6 11. Bh4 Qa5+ 12. c3 Nd5 13. Qd2 Be7 14. Bxe7
Nxe7 15. Qe2 Nd5 16. g3 Nf6 17. Ne5 b6 18. Bb5 a6 19. Bc6 Ra7 20. b4 Qa3 21.
Qc2 Nd5 22. Rc1 Rc7 23. O-O a5 24. b5 Ne7 25. Bg2 Rc5 26. Nc6 Rxb5 27. c4 Rf5
28. Qb3 Qc5 29. Nxe7+ Qxe7 30. Qxb6 Qc5 1/2-1/2

[Event "BL 0405 Hamburger SK- SV Wattenscheid"]
[Site "?"]
[Date "2005.02.13"]
[Round "11.8"]
[White "Sebastian, Dirk"]
[Black "Sträter, Timo"]
[Result "0-1"]
[WhiteElo "2371"]
[BlackElo "2348"]
[PlyCount "110"]
[EventDate "2005.??.??"]

1. e4 e5 2. Nf3 Nc6 3. d4 exd4 4. Nxd4 Bc5 5. Nxc6 Qf6 6. Qd2 dxc6 7. Bd3 Be6
8. O-O O-O-O 9. Qe2 Nh6 10. h3 g5 11. Qh5 Rhg8 12. Nc3 Qg7 13. Bd2 f6 14. Ne2
Nf7 15. Bc3 Kb8 16. a4 Ne5 17. Bxe5 fxe5 18. Ng3 g4 19. h4 Qf6 20. Rad1 Rg6 21.
b3 Rdg8 22. Bc4 Rh6 23. Bxe6 Rxh5 24. Bxg8 Rxh4 25. Nf5 g3 26. Nxg3 a5 27. Nf5
Rg4 28. Bc4 Qg5 29. g3 Rxg3+ 30. Nxg3 Qxg3+ 31. Kh1 Bxf2 32. Be6 h5 33. Rd3 Be3
34. Rd8+ Ka7 35. Rg8 Qh4+ 36. Kg2 Qxe4+ 37. Kh3 Bf4 38. Rg2 h4 39. Bg4 Bg3 40.
Bf5 Qe3 41. Bg4 e4 42. Re2 Qc3 43. Kg2 Bd6 44. Kh1 Qg3 45. Rg2 Qe5 46. Re2 Qd4
47. Kg2 e3 48. Kh3 Bg3 49. Rf5 Kb6 50. Rg2 Bf2 51. Be2 Qd7 52. Kg4 h3 53. Rh2
Qd4+ 54. Rf4 Qg7+ 55. Kf5 Bg3 0-1

[Event "BL 0405 Preetzer TSV- Solinger SG"]
[Site "?"]
[Date "2005.02.13"]
[Round "11.3"]
[White "Gabriel, Christian"]
[Black "Wisnewski, Christoph"]
[Result "1/2-1/2"]
[WhiteElo "2556"]
[BlackElo "2392"]
[PlyCount "73"]
[EventDate "2005.??.??"]

1. d4 d5 2. c4 Nc6 3. cxd5 Qxd5 4. e3 e5 5. Nc3 Bb4 6. Bd2 Bxc3 7. bxc3 Nf6 8.
c4 Qd6 9. d5 Ne7 10. f3 e4 11. Qb3 a5 12. Ne2 c6 13. Nc3 exf3 14. gxf3 O-O 15.
e4 b5 16. dxc6 bxc4 17. Bxc4 Nxc6 18. Nb5 Qe7 19. Qa3 Qe5 20. Rc1 Qh5 21. Qe3
Bh3 22. Rg1 Ne5 23. Be2 Rfd8 24. Qf4 Ng6 25. Qg5 h6 26. Qg3 Bd7 27. Nd6 Be6 28.
a4 Qh4 29. Qxh4 Nxh4 30. Nb7 Rdb8 31. Nc5 Kf8 32. Bf4 Rc8 33. Bd6+ Kg8 34. Be7
Nd7 35. Kf2 Nxc5 36. Rxc5 Ng6 37. Bd6 1/2-1/2

[Event "BL 0405 Preetzer TSV- Solinger SG"]
[Site "?"]
[Date "2005.02.13"]
[Round "11.4"]
[White "Junge, Kai"]
[Black "Smeets, Jan"]
[Result "0-1"]
[WhiteElo "2259"]
[BlackElo "2512"]
[PlyCount "46"]
[EventDate "2005.??.??"]

1. Nf3 d6 2. d4 Bg4 3. e4 Nf6 4. Nc3 Nc6 5. d5 Nb8 6. h3 Bxf3 7. Qxf3 c6 8. Bf4
Nbd7 9. O-O-O Qc7 10. g4 g6 11. dxc6 bxc6 12. Bc4 h6 13. h4 e6 14. e5 dxe5 15.
Bxe5 Qxe5 16. Qxc6 Rd8 17. Nb5 Bc5 18. Nc7+ Ke7 19. Bxe6 Ba3 20. c3 Nc5 21. Kb1
Nxe6 22. Nxe6 fxe6 23. bxa3 Rb8+ 0-1

[Event "BL 0405 Preetzer TSV- Solinger SG "]
[Site "?"]
[Date "2005.02.??"]
[Round "11.5"]
[White "Hoffmann, Michael"]
[Black "Willsch, Matthias"]
[Result "1/2-1/2"]
[WhiteElo "2468"]
[BlackElo "2250"]
[PlyCount "39"]
[EventDate "2005.??.??"]

1. d4 d5 2. c4 e6 3. Nf3 c5 4. g3 Nc6 5. Bg2 dxc4 6. Qa4 Bd7 7. Qxc4 b5 8. Qd3
Rc8 9. O-O Nf6 10. Bg5 Nxd4 11. Nxd4 cxd4 12. Qxd4 Bc5 13. Qh4 Be7 14. Nc3 b4
15. Ne4 Nxe4 16. Bxe7 Qxe7 17. Qxe4 Qc5 18. Qb7 Rc7 19. Qb8+ Rc8 20. Qb7
1/2-1/2

[Event "BL 0405 Preetzer TSV- Solinger SG"]
[Site "?"]
[Date "2005.02.13"]
[Round "11.6"]
[White "Marxen, Peter Dr"]
[Black "Werle, Jan"]
[Result "0-1"]
[WhiteElo "2212"]
[BlackElo "2457"]
[PlyCount "74"]
[EventDate "2005.??.??"]

1. e4 e5 2. Nf3 Nf6 3. Nxe5 d6 4. Nf3 Nxe4 5. d4 d5 6. Bd3 Bd6 7. O-O O-O 8. c4
c6 9. Qc2 Na6 10. a3 Bg4 11. Ne5 Bxe5 12. dxe5 Nac5 13. Nc3 Bf5 14. cxd5 cxd5
15. b4 Nxd3 16. Qxd3 Nxc3 17. Qxf5 d4 18. Qd3 Qd5 19. Re1 Rac8 20. Bd2 Rfd8 21.
g3 b5 22. h4 Re8 23. Bf4 Qc4 24. Qf3 d3 25. Kh2 Ne2 26. Rad1 Rcd8 27. Bg5 Rd7
28. Bf4 Nxf4 29. Qxf4 d2 30. Re4 Qc2 31. Qf3 Rc8 32. Qe2 h6 33. e6 fxe6 34.
Rxe6 Kh7 35. Kg2 Qc4 36. Re3 Qd5+ 37. Qf3 Rc1 0-1

[Event "BL 0405 Preetzer TSV- Solinger SG"]
[Site "?"]
[Date "2005.02.13"]
[Round "11.7"]
[White "Ernst, Sipke"]
[Black "Richert, Thomas"]
[Result "1-0"]
[WhiteElo "2521"]
[BlackElo "2206"]
[PlyCount "83"]
[EventDate "2005.??.??"]

1. d4 Nf6 2. c4 g6 3. Nc3 Bg7 4. e4 d6 5. Be2 O-O 6. Nf3 e5 7. O-O Nc6 8. d5
Ne7 9. b4 c6 10. Qb3 a5 11. bxa5 Qxa5 12. Nd2 c5 13. Qc2 Ne8 14. a4 f5 15. Ra3
Nf6 16. Bb2 Qd8 17. exf5 Nxf5 18. Nce4 Nxe4 19. Nxe4 Nd4 20. Bxd4 exd4 21. Bd3
Be5 22. g3 Bf5 23. Re1 Bxe4 24. Rxe4 Rf3 25. Ra2 Qa5 26. Re2 Qc3 27. Qxc3 dxc3
28. Be4 Rff8 29. Re1 Ra7 30. Rb1 Rfa8 31. Bc2 Kf8 32. Rb5 Ke7 33. Ra1 Bd4 34.
Kg2 Bg7 35. Rab1 Rb8 36. Re1+ Kd7 37. f4 Bd4 38. f5 g5 39. Re6 Re8 40. Kf3 Be5
41. Kg4 h5+ 42. Kxg5 1-0

[Event "BL 0405 Preetzer TSV- Solinger SG"]
[Site "?"]
[Date "2005.02.13"]
[Round "11.8"]
[White "Kornrumpf, Joachim Dr"]
[Black "Zysk, Robert"]
[Result "0-1"]
[WhiteElo "2016"]
[BlackElo "2462"]
[PlyCount "92"]
[EventDate "2005.??.??"]

1. b3 e5 2. Bb2 d6 3. e3 Nd7 4. c4 g6 5. Nf3 Bg7 6. Be2 f5 7. d3 Nh6 8. Qc2 O-O
9. O-O g5 10. Ne1 f4 11. exf4 gxf4 12. Nd2 Nc5 13. Ne4 Ne6 14. Nf3 Nf5 15. Rfe1
Bd7 16. Rad1 c5 17. Qd2 Be8 18. b4 b6 19. Ra1 Kh8 20. a4 a5 21. bxc5 bxc5 22.
Nc3 Rg8 23. Nb5 Bc6 24. Bc3 Bh6 25. Kh1 Ned4 26. Bxd4 cxd4 27. Rg1 Qe7 28. Qd1
Rg6 29. Nd2 Nh4 30. Ne4 Rag8 31. Bf3 Qg7 32. Qe2 Qe7 33. Rab1 Bf8 34. g3 Nxf3
35. Qxf3 Bh6 36. Rbe1 fxg3 37. fxg3 Rf8 38. Qe2 Rgf6 39. Ref1 Be3 40. Rxf6 Qxf6
41. Rb1 Qg6 42. Qg2 Rf2 43. Nxf2 Bxg2+ 44. Kxg2 Bxf2 45. Kxf2 Qxd3 46. Re1 e4
0-1

[Event "BL 0405 SV Hofheim - SC Kreuzberg"]
[Site "?"]
[Date "2005.02.13"]
[Round "11.2"]
[White "Hickl, Joerg"]
[Black "Aronian, Levon"]
[Result "1/2-1/2"]
[WhiteElo "2530"]
[BlackElo "2675"]
[PlyCount "78"]
[EventDate "2005.??.??"]

1. g3 Nf6 2. Bg2 d5 3. Nf3 g6 4. c4 Bg7 5. O-O O-O 6. cxd5 Nxd5 7. Nc3 Nc6 8.
Nxd5 Qxd5 9. d3 Qb5 10. Rb1 a5 11. Bf4 e5 12. Be3 Be6 13. b3 Bd5 14. Rc1 Rfd8
15. Rc5 Qb4 16. Nd2 Bxg2 17. Kxg2 Bf8 18. Rc4 Qb5 19. Kg1 f5 20. Qb1 Ba3 21.
Nf3 Qd5 22. Bc1 Bd6 23. Bb2 Rf8 24. a3 Rae8 25. Qc2 Nd8 26. e4 fxe4 27. dxe4
Qf7 28. Rc3 Qe7 29. b4 axb4 30. axb4 Rf7 31. b5 Ref8 32. Kg2 Ne6 33. Rd3 Nc5
34. Re3 b6 35. Qc4 h6 36. Ne1 Kh7 37. Nd3 Qg5 38. Bc1 Qh5 39. f3 Nd7 1/2-1/2

[Event "BL 0405 SV Hofheim - SC Kreuzberg"]
[Site "?"]
[Date "2005.02.13"]
[Round "11.3"]
[White "Maiwald, Jens-Uwe"]
[Black "Ginsburg, Gennadi"]
[Result "0-1"]
[WhiteElo "2514"]
[BlackElo "2481"]
[PlyCount "74"]
[EventDate "2005.??.??"]

1. e4 e5 2. Nf3 Nc6 3. Nc3 Nf6 4. g3 Bb4 5. Bg2 O-O 6. O-O d6 7. d3 Bg4 8. h3
Bxf3 9. Qxf3 Bxc3 10. bxc3 Qd7 11. g4 Ne7 12. g5 Ne8 13. Rb1 Qc6 14. c4 a6 15.
Qg3 Qa4 16. Rxb7 Qxc2 17. h4 Nc6 18. Rb2 Qc3 19. Rb3 Qc2 20. Rb2 Qc3 21. Kh1
Nd4 22. h5 c5 23. f4 exf4 24. Qxf4 Ra7 25. Qg3 Nc6 26. Rb6 Nb4 27. Rb8 Qxd3 28.
Qg4 Nc6 29. Rc8 Ne5 30. Qh4 Rb7 31. Bf4 Nxc4 32. Qe1 Rb2 33. h6 Nd2 34. Qd1 Rb1
35. hxg7 Kxg7 36. Bxd2 Rxd1 37. Rxd1 Qc2 0-1

[Event "BL 0405 SV Hofheim - SC Kreuzberg"]
[Site "?"]
[Date "2005.02.13"]
[Round "11.4"]
[White "Krivoshey, Sergei"]
[Black "Kalinitschew, Sergey"]
[Result "1/2-1/2"]
[WhiteElo "2499"]
[BlackElo "2533"]
[PlyCount "51"]
[EventDate "2005.??.??"]

1. Nf3 f5 2. g3 Nf6 3. Bg2 g6 4. d4 Bg7 5. O-O O-O 6. c4 d6 7. Nc3 c6 8. d5 e5
9. dxe6 Bxe6 10. b3 Na6 11. Ng5 Qe7 12. Bb2 Bd7 13. Qd2 Rad8 14. Rfe1 h6 15.
Nh3 Nc5 16. Rad1 Be6 17. Qc2 g5 18. f4 Nfe4 19. e3 Bf7 20. Nxe4 Nxe4 21. Bxg7
Kxg7 22. Nf2 d5 {(=)} 23. cxd5 Bxd5 24. Nxe4 fxe4 25. Rf1 Rde8 26. fxg5 1/2-1/2

[Event "BL 0405 SV Hofheim - SC Kreuzberg"]
[Site "?"]
[Date "2005.02.13"]
[Round "11.5"]
[White "Volke, Karsten"]
[Black "Zude, Arno"]
[Result "1-0"]
[WhiteElo "2483"]
[BlackElo "2398"]
[PlyCount "49"]
[EventDate "2005.??.??"]

1. Nf3 Nf6 2. c4 e6 3. Nc3 d5 4. d4 Be7 5. Bg5 O-O 6. e3 Nbd7 7. Rc1 a6 8. c5
c6 9. Bd3 b6 10. cxb6 c5 11. O-O c4 12. Bb1 Rb8 13. Qc2 g6 14. b3 cxb3 15. axb3
Qxb6 16. Bf4 Rb7 17. Ba2 Ba3 18. Rcd1 Ra7 19. Bb1 a5 20. Na4 Qb4 21. Qa2 Ba6
22. Bd3 Bxd3 23. Rxd3 Rc8 24. Ra1 Raa8 25. Rdd1 1-0

[Event "BL 0405 SV Hofheim - SC Kreuzberg"]
[Site "?"]
[Date "2005.02.13"]
[Round "11.6"]
[White "Houska, Jovanka"]
[Black "Tischbierek, Raj"]
[Result "0-1"]
[WhiteElo "2298"]
[BlackElo "2477"]
[PlyCount "74"]
[EventDate "2005.??.??"]

1. e4 g6 2. d4 d6 3. Nc3 Nf6 4. Be3 a6 5. a4 Bg7 6. Nf3 O-O 7. Bd3 Nc6 8. h3 e5
9. dxe5 dxe5 10. O-O Qe7 11. Bg5 Nb4 12. Bc4 h6 13. Bxf6 Qxf6 14. Nd5 Nxd5 15.
Bxd5 Qe7 16. Qe2 c6 17. Bc4 Bd7 18. Rfd1 Rae8 19. Qe3 Bc8 20. Qa3 Qxa3 21. Rxa3
Rd8 22. Rad3 Rxd3 23. Rxd3 Re8 24. b4 {(=)} Bf8 25. b5 cxb5 26. axb5 a5 27. b6
Be6 28. Nxe5 Bxc4 29. Nxc4 a4 30. Rd7 Rxe4 31. Nd2 Re1+ 32. Kh2 Rd1 33. Rxb7
Bd6+ 34. g3 Rxd2 35. c4 Rxf2+ 36. Kg1 Rb2 37. Kf1 a3 0-1

[Event "BL 0405 SV Hofheim - SC Kreuzberg"]
[Site "?"]
[Date "2005.02.13"]
[Round "11.7"]
[White "Lau, Ralf"]
[Black "Zude, Erik Dr"]
[Result "1-0"]
[WhiteElo "2481"]
[BlackElo "2385"]
[PlyCount "99"]
[EventDate "2005.??.??"]

1. d4 Nf6 2. Nf3 g6 3. Bg5 Bg7 4. Nbd2 d5 5. e3 O-O 6. Be2 c5 7. c3 Qb6 8. Qb3
Qxb3 9. axb3 Nbd7 10. O-O a6 11. Ra3 e6 12. Rfa1 h6 13. Bf4 Re8 14. Bd6 Ne4 15.
Nxe4 dxe4 16. Nd2 cxd4 17. exd4 e5 18. d5 Nf6 19. c4 Bf5 20. h3 h5 21. Nf1 h4
22. Ne3 Bd7 23. b4 Rac8 24. c5 Nh5 25. c6 bxc6 26. Bxa6 Ra8 27. dxc6 Bxc6 28.
b5 Bd7 29. b6 Bf8 30. Bxf8 Kxf8 31. b7 Rab8 32. Rc3 Nf6 33. Rac1 Be6 34. Rc8
Nd7 35. R1c6 Rd8 36. Nc4 Bxc4 37. Rxc4 f5 38. R4c7 Ke7 39. Rxd8 Kxd8 40. Rc8+
Ke7 41. Kf1 Kd6 42. Ke2 f4 43. b4 g5 44. b5 Kd5 45. Kf1 Kd6 46. b6 Kd5 47. Bb5
Kd6 48. Bxd7 Rxb7 49. Bc6 Rxb6 50. Bxe4 1-0

[Event "BL 0405 SV Hofheim - SC Kreuzberg"]
[Site "?"]
[Date "2005.02.13"]
[Round "11.8"]
[White "Brendel, Oliver"]
[Black "Loeffler, Stefan"]
[Result "0-1"]
[WhiteElo "2340"]
[BlackElo "2432"]
[PlyCount "58"]
[EventDate "2005.??.??"]

1. e4 c5 2. Nf3 e6 3. d4 cxd4 4. Nxd4 Qb6 5. Nc3 Nc6 6. Nb3 Nf6 7. Be3 Qc7 8.
Bd3 Bb4 9. O-O Bxc3 10. bxc3 b6 11. f4 d6 12. Qf3 Bb7 13. Qg3 Qe7 14. Nd4 O-O-O
15. Nb5 a6 16. a4 axb5 17. Bxb6 bxa4 18. Rxa4 d5 19. e5 Ne4 20. Bxe4 dxe4 21.
Qe3 f5 22. Bc5 Qd7 23. Bd6 Nxe5 24. Qc5+ Qc6 25. fxe5 Rxd6 26. Qe3 Rd5 27. Rfa1
Rhd8 28. Rd4 g5 29. Qxg5 Qxc3 0-1

[Event "BL 0405 SG Koeln Porz - SFR Neukoelln"]
[Site "?"]
[Date "2005.02.13"]
[Round "11.2"]
[White "Van Wely, Loek"]
[Black "Brynell, Stellan"]
[Result "1-0"]
[WhiteElo "2681"]
[BlackElo "2473"]
[PlyCount "46"]
[EventDate "2005.??.??"]

1. d4 d5 2. c4 Nc6 3. cxd5 Qxd5 4. e3 e5 5. Nc3 Bb4 6. Bd2 Bxc3 7. Bxc3 exd4 8.
Ne2 Nf6 9. Nxd4 O-O 10. Nb5 Qg5 11. h4 Qh6 12. Nxc7 Bg4 13. Qb3 Rad8 14. Qxb7
Rd6 15. Bc4 Rfd8 16. O-O Bf3 17. Ne8 R6d7 18. Nxf6+ gxf6 19. Qb5 Qg6 20. g3 a6
21. Qxa6 Qf5 22. Be2 Be4 23. f3 Qh3 1-0

[Event "BL 0405 SG Koeln Porz - SFR Neukoelln"]
[Site "?"]
[Date "2005.02.13"]
[Round "11.3"]
[White "Polzin, Rainer"]
[Black "Sokolov, Ivan"]
[Result "0-1"]
[WhiteElo "2517"]
[BlackElo "2663"]
[PlyCount "86"]
[EventDate "2005.??.??"]

1. e4 e5 2. Nf3 Nc6 3. Bb5 a6 4. Ba4 Nf6 5. O-O Be7 6. Re1 b5 7. Bb3 d6 8. c3
O-O 9. d4 Bg4 10. Be3 Bh5 11. h3 exd4 12. cxd4 d5 13. g4 Bg6 14. Ne5 Na5 15.
Nxg6 fxg6 16. Nc3 Bb4 17. Bg5 Nxb3 18. Qxb3 Bxc3 19. bxc3 h6 20. Bh4 g5 21. Bg3
Kh8 22. f3 dxe4 23. fxe4 Qd7 24. Re2 c5 25. d5 h5 26. d6 hxg4 27. e5 Nh5 28. e6
Qc6 29. hxg4 Qf3 30. gxh5 Qxg3+ 31. Rg2 Qe3+ 32. Kh1 Rf3 33. Qd5 Raf8 34. e7
Rh3+ 35. Rh2 Rxh2+ 36. Kxh2 Rf2+ 37. Qg2 Rxg2+ 38. Kxg2 Qe2+ 39. Kg1 g4 40. Rf1
g3 41. Rf8+ Kh7 42. e8=Q Qh2+ 43. Kf1 g2+ 0-1

[Event "BL 0405 SG Koeln Porz - SFR Neukoelln"]
[Site "?"]
[Date "2005.02.13"]
[Round "11.6"]
[White "Graf, Alexander"]
[Black "Thiede, Lars"]
[Result "1-0"]
[WhiteElo "2646"]
[BlackElo "2442"]
[PlyCount "83"]
[EventDate "2005.??.??"]

1. d4 Nf6 2. c4 g6 3. Nc3 Bg7 4. e4 d6 5. f3 O-O 6. Be3 a6 7. Nge2 c6 8. c5
Nbd7 9. Nc1 b6 10. cxd6 exd6 11. Be2 c5 12. O-O Re8 13. dxc5 Nxc5 14. Nb3 Bb7
15. Nxc5 bxc5 16. Rc1 d5 17. Bxc5 dxe4 18. fxe4 Nxe4 19. Nxe4 Qxd1 20. Rcxd1
Bxe4 21. Bc4 Bf5 22. b4 Bf8 23. Bxf8 Rxf8 24. Rd6 Rfc8 25. Rxa6 Rab8 26. Rf4
Rc7 27. Rd6 Kg7 28. b5 Bc2 29. Rc6 Re7 30. b6 Kf8 31. Bd5 Bf5 32. a4 Rd8 33.
Rc5 Re5 34. b7 Be6 35. Bxe6 Rxc5 36. Rxf7+ Ke8 37. Rxh7 Rd1+ 38. Kf2 Rc2+ 39.
Kg3 Rc3+ 40. Kf4 Rf1+ 41. Ke5 Re1+ 42. Kd4 1-0